| 000 | 00874nam a2200325Ia 4500 | ||
|---|---|---|---|
| 005 | 20260514124358.0 | ||
| 008 | 008 261405s9999 xx 000 0 eng d | ||
| 037 | _aThesis | ||
| 040 | _aCRL | ||
| 040 | _beng | ||
| 040 | _cCRL | ||
| 041 | _2eng | ||
| 041 | _aeng | ||
| 084 | _qCRL | ||
| 100 |
_aDr.Sumit Kumar _91239716 |
||
| 245 | 0 | _aAssessment of Intra-Opeative and Post-Operative Parameters in Harmonic Scalpel (ACE) Assisted Clipless Laparoscopic Cholecystectomy -An Observational Study. | |
| 260 | _aDelhi | ||
| 260 | _bUniversity of Delhi | ||
| 260 | _c2015 | ||
| 300 | _a51p. | ||
| 502 | _bPh.D. | ||
| 502 | _cUniversity of Delhi | ||
| 502 | _d2015 | ||
| 541 | _oThesis | ||
| 650 | _aGeneral Surgery | ||
| 700 |
_aDr.Sanjeev Kumar Tudu _91239717 |
||
| 710 |
_aGeneral Surgery _91239711 |
||
| 942 | _cTH | ||
| 999 |
_c1851771 _d1851771 |
||